00373pab a2200133 454500008004000000100002300040245006200063260000900125300001300134362000800147650002600155650001700181773004100198180718b2001 xxu||||| |||| 00| 0 eng d aGeffray, Christian aBrazil: drug trafficking in the federal state of Rondonia c2001 ap.443-50 aSep aDrug traffic - Brazil aDrug traffic aInternational Social Science Journal